| 000 | 00493nam a2200217Ia 4500 | ||
|---|---|---|---|
| 008 | 210210b1859 xxu||||| |||| 00| 0 eng d | ||
| 041 | _aeng | ||
| 082 | _a940/207 | ||
| 100 | _aROBERTSON (J B) | ||
| 245 | _aPublic lectures on ancient and modern history | ||
| 260 |
_aLondon _b- _c1859 |
||
| 650 | _aPublic | ||
| 650 | _aon | ||
| 650 | _amodern | ||
| 650 | _alectures | ||
| 650 | _ahistory | ||
| 650 | _aand | ||
| 650 | _aancient | ||
| 690 | _aEuropean History | ||
| 906 | _a025274 | ||
| 999 |
_c151125 _d151125 |
||